Symbole pierwiastków o jednej literze - Statystyki

Ogólne statystyki
  • Ten quiz został rozwiązany 54 razy
  • Średni wynik to 11 z 14
Statystyki odpowiedzi
Wskazówka Odpowiedź % Poprawnych
H Wodór
98%
K Potas
96%
O Tlen
94%
C Węgiel
90%
N Azot
85%
P Fosfor
83%
U Uran
81%
B Bor
79%
F Fluor
79%
S Siarka
79%
V Wanad
69%
I Jod
65%
W Wolfram
58%
Y Itr
54%
Nie znaleziono quizów pasujących do podanych kryteriów
Rozkład punktacji
Procent ludzi z każdym wynikiem
Percentyl według liczby udzielonych odpowiedzi
Twoja historia wyników
Nie rozwiązałeś tego quizu